00642nam a2200217Ia 4500003000900000008004100009040001300050040001300063041000800076100002300084245003900107250001100146260000800157260000900165300000800174490001600182490000600198942000700204999001700211952019600228IT-RoPAU120407s9999 xx 000 0 und d aIT-RoPAU cIT-RoPAU aita aCroft Rupert Cooke aNove giorni con Edoardo. Romanzo. aTorino aSas c1954 c cm aUniversa, 9 v1 cBK c14210d14210 00102ddc406808_17900000000000071aPAULUSbPAULUSd2015-05-24l0o808.179r2015-05-24 00:00:00w2015-05-24yBKzInserito da: Anna In data: 07 agosto 2011 fondo: Via A.Severo 56 Progr:27290